00594 2200217 4500001002100000005001500021035002000036008004100056020002200097082001100119090001400130245004600144260003600190084001700226100002900243250001000272300001900282990002500301990002500326990002500351INLIS00000000000123120230124013641 a0010-0722001231230124 | | ind  a978-979-756-606-7 a631.46 aYul b C.11 aBiologi Tanah dan Strategi pengelolaannya aYogyakarta :bGraha Ilmu,c2010 a631.46 YUL b1 aYulipriyanto, Hieronymus acet.1 a258 hlm.;23 cm aC.4/11790/STPP/Pb/11 aC.2/11788/STPP/Pb/11 aC.3/11789/STPP/Pb/11